| 000 | 00516nam a2200205Ia 4500 | ||
|---|---|---|---|
| 003 | OSt | ||
| 005 | 20220608150619.0 | ||
| 008 | 210210b1998 xxu||||| |||| 00| 0 eng d | ||
| 040 | _cALeng | ||
| 082 | _a657.42 JAIC | ||
| 100 |
_aJAIN (S P) _941140 |
||
| 245 | _aCost accounting: principles and Practice | ||
| 250 | _a14 Rev. | ||
| 260 |
_aMadras _bKalyani Publishers _c1998 |
||
| 300 | _axv,5,453 | ||
| 690 |
_aCost Accounting _941141 |
||
| 700 |
_aNARANG (K L) _941142 |
||
| 906 | _a053412 | ||
| 942 |
_2ddc _cBK |
||
| 999 |
_c101206 _d101206 |
||